Catálogo
 En Linea
Vista normal Vista MARC

Entrada Nombre personal

Número de registros utilizados en: 1

001 - NÚMERO DE CONTROL

  • campo de control: 85551

003 - IDENTIFICADOR DEL NÚMERO DE CONTROL

  • campo de control: DO-SdBNP

005 - FECHA Y HORA DE LA ÚLTIMA TRANSACCIÓN

  • campo de control: 20240524144708.0

008 - DATOS DE LONGITUD FIJA

  • campo de control de longitud fija: 240524|| aca||aabn | a|a d

040 ## - FUENTE DE LA CATALOGACIÓN

  • Centro catalogador/agencia de origen: DO-SdBNP
  • Centro/agencia transcriptor: DO-SdBNP

100 ## - ENCABEZAMIENTO-NOMBRE DE PERSONA

  • Nombre de persona: Alcántara Ross Leal, Pedro
  • Fechas asociadas al nombre: 1939-

670 ## - FUENTE DE DATOS ENCONTRADOS

  • Cita de la fuente: Work cat.: (DO-SdBNP)56748: Alcántara Ross Leal, Pedro 1939- autor, Los parlamentos obreros :

Con tecnología Koha